000
00303nam a22001337a 4500
008
170411b xxu||||| |||| 00| 0 eng d
020
_a
084938981X
041
_a
eng
080
_2
2ND
_a
612.39
100
_a
10
101
_a
SHM
245
_a
FOOS & NUTRITION ENCYCLOPEDIA
_c
ENSMINGER
942
_2
udc
_c
BK
999
_c
10420
_d
10420